[Event "Tata Steel Challengers"]
[Site "Wijk aan Zee NED"]
[Date "2026.01.31"]
[Round "12.3"]
[White "Roebers, Eline"]
[Black "Lu, Miaoyi"]
[Result "1-0"]
[WhiteTitle "IM"]
[BlackTitle "IM"]
[WhiteElo "2398"]
[BlackElo "2431"]
[WhiteFideId "1058401"]
[BlackFideId "8618020"]
[EventDate "2026.01.17"]

1. e4 c5 2. Nf3 Nc6 3. d4 cxd4 4. Nxd4 e5 5. Nb5 a6 6. Nd6+ Bxd6 7. Qxd6 Qf6 8.
Qd1 Qg6 9. f3 d5 10. Qxd5 Be6 11. Qd2 Rd8 12. Qg5 Nb4 13. Na3 Ne7 14. Qxg6 hxg6
15. Bd2 Nec6 16. Bxb4 Nxb4 17. c3 Nd3+ 18. Bxd3 Rxd3 19. Ke2 Rd6 20. b3 f5 21.
exf5 gxf5 22. h3 b5 23. Rac1 f4 24. Rhd1 Ke7 25. Rxd6 Kxd6 26. c4 Rc8 27. Kd2
Rb8 28. Kc2 b4 29. Nb1 Bf5+ 30. Kb2 e4 31. Rd1+ Ke5 32. fxe4 Bxe4 33. Rd2 Ba8
34. Kc2 Be4+ 35. Kc1 Rb6 36. Re2 Kd4 37. Nd2 Ba8 38. Kc2 Rg6 39. Nf3+ Bxf3 40.
gxf3 Kc5 41. Re5+ Kb6 42. Kd3 Rg3 43. Ke4 Rg2 44. Re6+ Kb7 45. Kd5 a5 46. Re7+
Ka6 47. c5 Rd2+ 48. Kc6 Rxa2 49. Re8 Ka7 50. Kb5 Kb7 51. Re7+ Kc8 52. c6 Kd8 53.
Rd7+ Kc8 54. Rxg7 a4 55. Kb6 1-0

[Event "Tata Steel Challengers"]
[Site "Wijk aan Zee NED"]
[Date "2026.01.31"]
[Round "12.4"]
[White "Ivic, Velimir"]
[Black "Woodward, Andy"]
[Result "1/2-1/2"]
[WhiteTitle "GM"]
[BlackTitle "GM"]
[WhiteElo "2638"]
[BlackElo "2608"]
[WhiteFideId "950122"]
[BlackFideId "30953499"]
[EventDate "2026.01.17"]

1. e4 e5 2. Nf3 Nc6 3. Bb5 a6 4. Ba4 Nf6 5. O-O Bc5 6. c3 b5 7. Bb3 d6 8. a4 Bb7
9. Re1 h6 10. d4 Bb6 11. Be3 Ng4 12. Bd5 Qc8 13. Qe2 O-O 14. axb5 axb5 15. Rxa8
Qxa8 16. Qxb5 Nf6 17. dxe5 Nxd5 18. exd5 Bxe3 19. Rxe3 Nxe5 20. Nxe5 dxe5 21. c4
c6 22. dxc6 Bxc6 23. Qxe5 Qa1 24. Re1 Re8 25. Qc3 Rxe1+ 26. Qxe1 Ba4 27. Qf1
Qxb2 28. Qe1 Qa1 29. Qf1 Qb2 30. Qe1 Qa1 31. Qf1 1/2-1/2

[Event "Tata Steel Challengers"]
[Site "Wijk aan Zee NED"]
[Date "2026.01.31"]
[Round "12.5"]
[White "Yip, Carissa"]
[Black "Yuffa, Daniil"]
[Result "0-1"]
[WhiteTitle "IM"]
[BlackTitle "GM"]
[WhiteElo "2466"]
[BlackElo "2604"]
[WhiteFideId "2090732"]
[BlackFideId "24131423"]
[EventDate "2026.01.17"]

1. e4 e6 2. d4 d5 3. Nc3 Nf6 4. Bg5 Be7 5. e5 Nfd7 6. Bxe7 Qxe7 7. f4 a6 8. Qg4
O-O 9. Bd3 c5 10. Nf3 cxd4 11. Nxd4 Nc5 12. O-O-O Nc6 13. Qh5 f5 14. exf6 Nxd3+
15. Rxd3 Qxf6 16. Nce2 Nxd4 17. Rxd4 Bd7 18. Rhd1 Rac8 19. Qf3 Be8 20. Qe3 Bg6
21. Nc3 h5 22. Re1 Rc6 23. g3 b5 24. Qe5 a5 25. a3 Qd8 26. Kb1 Qb6 27. Rc1 b4
28. axb4 axb4 29. Na4 Qa7 30. b3 Rfc8 31. Rd2 d4 32. Rxd4 Bxc2+ 33. Kb2 Bf5 34.
Rxc6 Rxc6 35. Rxb4 Qf2+ 36. Ka3 Qxh2 37. g4 hxg4 38. Rb7 Qh6 39. Nb6 Qf6 40.
Rb8+ Kh7 41. Qe1 Qe7+ 42. Ka4 Qa7+ 43. Kb5 Qxb8 44. Qh4+ Kg8 45. Kxc6 Be4+ 46.
Kb5 Qxf4 47. Nd7 Qd6 48. Nf6+ gxf6 49. Qxg4+ Kf7 50. Qxe4 Qd5+ 51. Qxd5 exd5 52.
b4 Ke6 53. Kc5 f5 54. Kd4 f4 55. Kd3 Kd6 56. Ke2 d4 0-1

[Event "Tata Steel Challengers"]
[Site "Wijk aan Zee NED"]
[Date "2026.01.31"]
[Round "12.6"]
[White "Maurizzi, MarcAndria"]
[Black "Suleymanli, Aydin"]
[Result "0-1"]
[WhiteTitle "GM"]
[BlackTitle "GM"]
[WhiteElo "2611"]
[BlackElo "2628"]
[WhiteFideId "36083534"]
[BlackFideId "13413937"]
[EventDate "2026.01.17"]

1. e4 e5 2. Nf3 Nc6 3. Bc4 Bc5 4. d3 Nf6 5. Bg5 h6 6. Bh4 O-O 7. Nbd2 Be7 8. a4
d6 9. Bg3 Kh8 10. a5 Rb8 11. O-O Nh7 12. c3 g6 13. b4 a6 14. b5 axb5 15. Bxb5
Bd7 16. Qa4 f5 17. h3 f4 18. Bh2 Ra8 19. a6 Qe8 20. Qc4 bxa6 21. Bxa6 g5 22. d4
h5 23. dxe5 dxe5 24. Bb5 Rxa1 25. Rxa1 Bf6 26. Ne1 g4 27. hxg4 hxg4 28. Nd3 Ne7
29. Bxd7 Qxd7 30. Nb3 Rg8 31. Kf1 g3 32. fxg3 fxg3 33. Bg1 Qg4 34. Nbc5 Ng5 35.
Ke1 Qh5 36. Nd7 Qh1 37. Kf1 Bg7 38. Qc5 Ng6 39. Qe3 Qh4 40. Ra6 Nf4 41. N3xe5
Bxe5 42. Nxe5 Rf8 43. Qd4 Nfe6+ 44. Ke1 Qh1 45. Qe3 Rf2 0-1

[Event "Tata Steel Challengers"]
[Site "Wijk aan Zee NED"]
[Date "2026.01.31"]
[Round "12.7"]
[White "L'Ami, Erwin"]
[Black "Panesar, Vedant"]
[Result "1/2-1/2"]
[WhiteTitle "GM"]
[BlackTitle "FM"]
[WhiteElo "2634"]
[BlackElo "2406"]
[WhiteFideId "1007998"]
[BlackFideId "35033018"]
[EventDate "2026.01.17"]

1. e4 e5 2. Nf3 Nc6 3. Bb5 a6 4. Ba4 Nf6 5. Nc3 Bc5 6. O-O O-O 7. Bxc6 dxc6 8.
d3 Nd7 9. Kh1 Re8 10. Ng1 Nf8 11. f4 exf4 12. Bxf4 Ng6 13. Bg3 Be6 14. Nf3 Bd6
15. Ne2 c5 16. Qd2 f5 17. Bxd6 Qxd6 18. exf5 Bxf5 19. Ng3 Be6 20. Ng5 Bd5 21.
Qd1 Re5 22. N3e4 Bxe4 23. Nxe4 Qe6 24. b3 Rf5 25. Rxf5 Qxf5 26. Qg1 b6 27. Re1
Rf8 28. h3 h6 29. Qe3 Qf4 30. Kg1 Qe5 31. g3 Qb2 32. Qc1 Qxa2 33. Nf2 Qa5 34.
Re6 Kh7 35. Qe3 Qa1+ 36. Kg2 Qd4 37. Qxd4 cxd4 38. Ne4 Rf7 39. Re8 Ne7 40. g4
Nd5 41. Kg3 Nb4 42. h4 Nxc2 43. h5 g5 44. hxg6+ Kxg6 45. Re6+ Kg7 46. Kh4 Nb4
47. Ng3 Nxd3 48. Nf5+ Rxf5 49. gxf5 Nc5 50. Rg6+ Kf7 51. b4 Ne4 52. Kg4 d3 53.
Kf3 d2 54. Ke2 a5 55. bxa5 bxa5 56. Rxh6 a4 1/2-1/2

[Event "Tata Steel Challengers"]
[Site "Wijk aan Zee NED"]
[Date "2026.02.01"]
[Round "13.1"]
[White "Oro, Faustino"]
[Black "Maurizzi, MarcAndria"]
[Result "1/2-1/2"]
[WhiteTitle "IM"]
[BlackTitle "GM"]
[WhiteElo "2516"]
[BlackElo "2611"]
[WhiteFideId "20000197"]
[BlackFideId "36083534"]
[EventDate "2026.01.17"]

1. e4 e5 2. Nf3 Nc6 3. Bb5 a6 4. Ba4 Nf6 5. O-O d6 6. c3 Bd7 7. Re1 g6 8. d4 Bg7
9. h3 O-O 10. Bc2 Nh5 11. Be3 Qe8 12. Nbd2 Kh8 13. Nc4 Rc8 14. a4 f5 15. exf5
Bxf5 16. Bxf5 gxf5 17. dxe5 Qf7 18. Nxd6 cxd6 19. exd6 Rcd8 20. Qd3 Qg6 21. Rad1
Rd7 22. Kh1 Bf6 23. Qc4 f4 24. Bxf4 Rg7 25. Rg1 Bxc3 26. Bh2 Bxb2 27. Qb3 Bf6
28. d7 Bd8 29. Qxb7 Nf6 30. Ne5 Nxe5 31. Bxe5 Qf5 32. Rde1 a5 33. Qb3 Rxd7 34.
g4 Qxf2 35. g5 Rd2 36. gxf6 Bxf6 37. Ref1 Bxe5 38. Rxf2 Rdxf2 39. Rg2 Rf1+ 40.
Rg1 R1f2 41. Rg2 Rf1+ 42. Rg1 R1f2 1/2-1/2

[Event "Tata Steel Challengers"]
[Site "Wijk aan Zee NED"]
[Date "2026.02.01"]
[Round "13.2"]
[White "Suleymanli, Aydin"]
[Black "Ivic, Velimir"]
[Result "0-1"]
[WhiteTitle "GM"]
[BlackTitle "GM"]
[WhiteElo "2628"]
[BlackElo "2638"]
[WhiteFideId "13413937"]
[BlackFideId "950122"]
[EventDate "2026.01.17"]

1. c4 e6 2. Nf3 d5 3. b3 d4 4. g3 Nc6 5. d3 Nf6 6. Bg2 Bb4+ 7. Bd2 a5 8. O-O O-O
9. Ne1 e5 10. Nc2 Bc5 11. Bg5 h6 12. Bxf6 Qxf6 13. a3 Qe7 14. Nd2 f5 15. Qb1 Ra6
16. b4 axb4 17. Nb3 bxa3 18. Nxc5 Qxc5 19. Qb5 Qe7 20. Rfb1 e4 21. Qb3 exd3 22.
Qxd3 f4 23. Be4 Qf6 24. Rxa3 fxg3 25. Qxg3 Rxa3 26. Nxa3 Ne5 27. Rb5 Ng4 28. f3
c6 29. Ra5 d3 30. Bxd3 Qa1+ 31. Kg2 Ne3+ 32. Kf2 Qd4 33. Qg6 Nxc4+ 34. Ke1 Nxa5 0-1

[Event "Tata Steel Challengers"]
[Site "Wijk aan Zee NED"]
[Date "2026.02.01"]
[Round "13.3"]
[White "Lu, Miaoyi"]
[Black "Yip, Carissa"]
[Result "0-1"]
[WhiteTitle "IM"]
[BlackTitle "IM"]
[WhiteElo "2431"]
[BlackElo "2466"]
[WhiteFideId "8618020"]
[BlackFideId "2090732"]
[EventDate "2026.01.17"]

1. e4 e5 2. Nf3 Nc6 3. Bc4 Nf6 4. Ng5 d5 5. exd5 Na5 6. Bb5+ Bd7 7. Qe2 Bd6 8.
Nc3 c6 9. dxc6 Nxc6 10. O-O O-O 11. Qd3 Bc7 12. Nd5 Bf5 13. Qxf5 Qxd5 14. Bxc6
Qxc6 15. Re1 h6 16. Ne4 Nd5 17. d3 Ne7 18. Qh3 f5 19. Nc3 Ng6 20. Bd2 Rad8 21.
Rad1 Rd4 22. g3 Rg4 23. Kf1 Bb6 24. Be3 Bxe3 25. Rxe3 Rb4 26. Rb1 f4 27. Re4
Rxe4 28. dxe4 b5 29. a3 a5 30. Re1 b4 31. axb4 axb4 32. Nd5 Qxc2 33. Qe6+ Kh7
34. Ne7 Nxe7 35. Qxe7 Qc8 36. Qh4 Rf6 37. Qh5 f3 38. Kg1 Qc5 39. h4 Qd4 40. b3
Qc3 41. Rb1 Qc8 42. Kh2 Qc2 43. Rf1 Qxe4 44. Rc1 Rg6 45. Kg1 Rd6 46. Qf7 Qg4 47.
Kh2 Rd2 48. Rf1 Re2 49. Qd5 h5 50. Qb7 Rb2 51. Qf7 Rd2 52. Qb7 Rd3 53. Qf7 Qg6
54. Qe7 Rd4 55. Rc1 Rd2 56. Kg1 Qb6 57. Rc5 Rd1+ 58. Kh2 Rc1 59. Qg5 Rxc5 60.
Qxh5+ Qh6 0-1

[Event "Tata Steel Challengers"]
[Site "Wijk aan Zee NED"]
[Date "2026.02.01"]
[Round "13.4"]
[White "Yuffa, Daniil"]
[Black "Ivanchuk, Vasyl"]
[Result "0-1"]
[WhiteTitle "GM"]
[BlackTitle "GM"]
[WhiteElo "2604"]
[BlackElo "2605"]
[WhiteFideId "24131423"]
[BlackFideId "14100010"]
[EventDate "2026.01.17"]

1. d4 Nf6 2. c4 e6 3. Nf3 d5 4. Nc3 Be7 5. Bg5 h6 6. Bxf6 Bxf6 7. e3 dxc4 8.
Bxc4 c5 9. d5 Bxc3+ 10. bxc3 exd5 11. Bxd5 Nd7 12. O-O O-O 13. e4 Nb6 14. Re1
Nxd5 15. exd5 Qd6 16. c4 Bd7 17. Qb3 b5 18. Ne5 b4 19. Qg3 a5 20. Re3 a4 21.
Rae1 Bf5 22. f4 Bc2 23. h3 Rfe8 24. Rc1 b3 25. axb3 axb3 26. Rxb3 Bxb3 27. Qxb3
f6 28. Ng6 Re4 29. Qg3 Qd7 30. Re1 Ra3 31. Qh4 Qe8 32. Rxe4 Qxe4 33. Qg4 h5 34.
Qe6+ Qxe6 35. dxe6 Rc3 36. Kf2 Rxc4 37. Ke3 Rc1 38. Kd3 Rg1 39. Kc4 Rxg2 40. f5
Rxg6 41. fxg6 Kf8 42. Kxc5 Ke7 43. Kd5 h4 44. Ke4 Kxe6 45. Kf4 f5 46. Kg5 Ke5
47. Kxh4 f4 0-1

[Event "Tata Steel Challengers"]
[Site "Wijk aan Zee NED"]
[Date "2026.02.01"]
[Round "13.5"]
[White "Warmerdam, Max"]
[Black "Roebers, Eline"]
[Result "1/2-1/2"]
[WhiteTitle "GM"]
[BlackTitle "IM"]
[WhiteElo "2576"]
[BlackElo "2398"]
[WhiteFideId "1048104"]
[BlackFideId "1058401"]
[EventDate "2026.01.17"]

1. c4 e6 2. g3 d5 3. Bg2 Nf6 4. Nf3 d4 5. d3 Bb4+ 6. Bd2 a5 7. Na3 Bc5 8. O-O
Nc6 9. Nc2 O-O 10. a3 a4 11. Re1 Qd6 12. Bg5 h6 13. Bxf6 gxf6 14. Nd2 Bb6 15.
Nb4 Nb8 16. b3 axb3 17. Nxb3 Nd7 18. Nc2 f5 19. a4 c6 20. a5 Ba7 21. Qd2 Kh7 22.
Qf4 Qxf4 23. gxf4 Bb8 24. Ncxd4 Bxf4 25. Reb1 Rg8 26. h3 Ra6 27. Kf1 Bd6 28. Nc2
e5 29. Ra4 Nc5 30. Nxc5 Bxc5 31. Nb4 Ra7 32. Ra2 Be6 33. a6 Bd6 34. Raa1 e4 35.
dxe4 Bxc4 36. axb7 Rxb7 37. Nd3 Rxb1+ 38. Rxb1 fxe4 39. Bxe4+ Kh8 40. Bxc6 Bh2
41. Bg2 Bxd3 42. exd3 Rd8 43. Be4 Be5 44. Rb5 Bd4 45. Rb7 Kg7 46. Kg2 Rd6 47. f4
Ra6 48. Rd7 Bc5 49. Kf3 Ra7 50. Rd5 Be7 51. Rf5 Bf6 52. Rb5 Bd4 53. Bd5 Re7 54.
Kg4 Bf6 55. h4 Rd7 56. h5 Re7 57. Kf3 Bd4 58. Be4 Rd7 59. Bf5 Re7 60. Rd5 Bf6
61. Rd6 Re8 62. Rc6 Re7 63. Be4 Rd7 64. Rc4 Rd4 65. Rc7 Bd8 66. Rb7 Kf6 67. Rb5
Rd6 68. Rc5 Bb6 69. Rc8 Bd4 70. Rb8 Ba7 71. Rb5 Bd4 72. Bd5 Rd8 73. Ke4 Ba7 74.
Bc4 Rd4+ 75. Kf3 Rd7 76. Ra5 Bd4 77. Ke4 Bg1 78. Rf5+ Kg7 79. Kf3 Bb6 80. Ke2
Re7+ 81. Kd2 Be3+ 82. Kc3 Rd7 83. Kb4 f6 84. Kc3 Rd6 85. Kc2 Rd4 86. Rb5 Rxf4
87. Rb7+ Kf8 88. Rf7+ Ke8 89. Rh7 Rh4 90. Bd5 Kd8 91. Bf3 Rh3 92. Bg4 Rh4 93.
Bf3 1/2-1/2

[Event "Tata Steel Challengers"]
[Site "Wijk aan Zee NED"]
[Date "2026.02.01"]
[Round "13.6"]
[White "Woodward, Andy"]
[Black "L'Ami, Erwin"]
[Result "1-0"]
[WhiteTitle "GM"]
[BlackTitle "GM"]
[WhiteElo "2608"]
[BlackElo "2634"]
[WhiteFideId "30953499"]
[BlackFideId "1007998"]
[EventDate "2026.01.17"]

1. d4 Nf6 2. c4 g6 3. Nc3 d5 4. Nf3 Bg7 5. h4 dxc4 6. e4 c5 7. d5 b5 8. h5 Nxh5
9. Nxb5 Qa5+ 10. Nc3 Nd7 11. Bd2 Rb8 12. Rb1 Ba6 13. Be2 Qc7 14. Qc1 Bd4 15. Be3
Bxe3 16. Qxe3 Qf4 17. Kd2 Rb6 18. Rh4 Qxe3+ 19. Kxe3 Nhf6 20. e5 g5 21. Nxg5
Nxe5 22. Nge4 Ned7 23. Bxc4 Rg8 24. Bxa6 Rxa6 25. g3 Nxe4 26. Rxe4 Rg5 27. Rd1
Rb6 28. b3 a6 29. Kf3 Rf5+ 30. Kg2 Rb4 31. Re2 Re5 32. Rc2 Nf6 33. Na4 Nxd5 34.
Nxc5 Rb6 35. Nd3 Rg5 36. Rc8+ Kd7 37. Rf8 Rd6 38. Nc5+ Kc7 39. Rc1 Nf4+ 40. Kf3
Ng6 41. Ne4+ Kd7 42. Rfc8 Rf5+ 43. Ke3 Rd1 44. R1c7+ Ke6 45. Rc6+ Kd7 46. Nc5+
Rxc5 47. Rxc5 Ne5 48. Rc1 1-0